Thoracic Surgery (Record no. 6323)
[ view plain ]
| 000 -LEADER | |
|---|---|
| fixed length control field | 00531nam a22002057a 4500 |
| 003 - CONTROL NUMBER IDENTIFIER | |
| control field | OSt |
| 005 - DATE AND TIME OF LATEST TRANSACTION | |
| control field | 20190918123732.0 |
| 008 - FIXED-LENGTH DATA ELEMENTS--GENERAL INFORMATION | |
| fixed length control field | 190918b ||||| |||| 00| 0 eng d |
| 020 ## - INTERNATIONAL STANDARD BOOK NUMBER | |
| International Standard Book Number | 0443075956 |
| 040 ## - CATALOGING SOURCE | |
| Transcribing agency | DNML |
| 082 ## - DEWEY DECIMAL CLASSIFICATION NUMBER | |
| Classification number | WF.980 T35f 2001. |
| 100 ## - MAIN ENTRY--PERSONAL NAME | |
| Personal name | Pearson,Griffith,F;[et....al] |
| 9 (RLIN) | 12947 |
| 245 ## - TITLE STATEMENT | |
| Title | Thoracic Surgery |
| 250 ## - EDITION STATEMENT | |
| Remainder of edition statement | 2nd ed. |
| 260 ## - PUBLICATION, DISTRIBUTION, ETC. (IMPRINT) | |
| Place of publication, distribution, etc. | New York, |
| Name of publisher, distributor, etc. | Churchill Livingstone. |
| Date of publication, distribution, etc. | 2001. |
| 300 ## - PHYSICAL DESCRIPTION | |
| Extent | xxv,1942p; |
| Other physical details | ill; |
| Dimensions | 29cm. |
| 504 ## - BIBLIOGRAPHY, ETC. NOTE | |
| Bibliography, etc | includes index. |
| 650 ## - SUBJECT ADDED ENTRY--TOPICAL TERM | |
| Topical term or geographic name as entry element | Surgery. |
| 9 (RLIN) | 323 |
| 942 ## - ADDED ENTRY ELEMENTS (KOHA) | |
| Source of classification or shelving scheme | Dewey Decimal Classification |
| Koha item type | Open Shelf |
| Withdrawn status | Lost status | Source of classification or shelving scheme | Damaged status | Not for loan | Home library | Current library | Date acquired | Inventory number | Total Checkouts | Full call number | Barcode | Date last seen | Price effective from | Koha item type |
|---|---|---|---|---|---|---|---|---|---|---|---|---|---|---|
| Other/Generic Classification Scheme | MUST Main Library | MUST Main Library | 18/09/2019 | 04/21996 | WF.980 T35f 2001. | 2019-0447 | 18/09/2019 | 18/09/2019 | Short Loan |
